[Event "CZE-chT2E 2122"]
[Site "Czech Republic"]
[Date "2022.02.13"]
[Round "8.7"]
[White "Mouryc, Tomas"]
[Black "Tomanek, Pavel"]
[Result "1/2-1/2"]
[WhiteElo "1947"]
[BlackElo "1651"]
[PlyCount "40"]
[EventDate "2021.10.17"]
[EventType "team-tourn"]
[EventRounds "11"]
[EventCountry "CZE"]
[SourceTitle "EXT 2024"]
[Source "ChessBase"]
[SourceDate "2023.10.10"]
[SourceVersion "1"]
[SourceVersionDate "2023.10.10"]
[SourceQuality "1"]
[WhiteTeam "Jihlava Gambit"]
[BlackTeam "Borsice"]
[WhiteTeamCountry "CZE"]
[BlackTeamCountry "CZE"]

1. d4 Nc6 2. Nf3 d6 3. d5 Nb8 4. e4 Nf6 5. Bd3 g6 6. h3 Bg7 7. c4 0-0 8. Nc3 Nbd7 9. 0-0 Nc5 10. Bc2 Nh5 11. Be3 b6 12. Nd4 e5 13. Nc6 Qh4 14. b4 Na6 15. Qd2 Nf4 16. f3 Bd7 17. Rab1 Bh6 18. Qf2 Nxh3+ 19. gxh3 Bxe3 20. Qxe3 Qg3+ 1/2-1/2

[Event "CZE-chT U20 final-B 1011"]
[Site "Czech Republic"]
[Date "2011.04.17"]
[Round "11.6"]
[White "Kykal, Vojtech"]
[Black "Tomanek, Pavel"]
[Result "1-0"]
[WhiteElo "1541"]
[BlackElo "1565"]
[PlyCount "75"]
[EventDate "2010.10.02"]
[EventType "team-tourn"]
[EventRounds "11"]
[EventCountry "CZE"]
[SourceTitle "EXT 2012"]
[Source "ChessBase"]
[SourceDate "2011.11.24"]
[SourceVersion "1"]
[SourceVersionDate "2011.11.24"]
[SourceQuality "1"]
[WhiteTeam "Horice (U20)"]
[BlackTeam "Borsice (U20)"]
[WhiteTeamCountry "CZE"]
[BlackTeamCountry "CZE"]

1. d4 d5 2. Bf4 Nf6 3. e3 e6 4. c4 Bb4+ 5. Nc3 0-0 6. Nf3 Nc6 7. a3 Bxc3+ 8. bxc3 b6 9. Be2 Ba6 10. Qa4 Bb7 11. 0-0 Ne4 12. Rac1 Ne7 13. Bg3 Nf5 14. cxd5 Nfxg3 15. hxg3 Bxd5 16. c4 Bb7 17. Rfd1 Ng5 18. Qb5 Bxf3 19. gxf3 h6 20. Kg2 Qe7 21. Qb1 Qxa3 22. Bd3 f5 23. d5 Qe7 24. f4 Nh7 25. dxe6 Qxe6 26. c5 Kh8 27. cxb6 cxb6 28. Rc7 Qd6 29. Rdc1 Qe6 30. Qa1 Nf6 31. Be2 Rfc8 32. Bf3 Rxc7 33. Rxc7 Rd8 34. Qxa7 Rd2 35. Qb8+ Kh7 36. Qf8 Ne8 37. Re7 Qa2 38. Qxf5+ 1-0

[Event "CZE-chTE U20 1011"]
[Site "Czech Republic"]
[Date "2011.01.15"]
[Round "6.6"]
[White "Walek, Petr"]
[Black "Tomanek, Pavel"]
[Result "1-0"]
[WhiteElo "1664"]
[BlackElo "1565"]
[PlyCount "149"]
[EventDate "2010.10.02"]
[EventType "team-tourn"]
[EventRounds "11"]
[EventCountry "CZE"]
[SourceTitle "EXT 2012"]
[Source "ChessBase"]
[SourceDate "2011.11.24"]
[SourceVersion "1"]
[SourceVersionDate "2011.11.24"]
[SourceQuality "1"]
[WhiteTeam "Namest nad Oslavou (U20)"]
[BlackTeam "Borsice (U20)"]
[WhiteTeamCountry "CZE"]
[BlackTeamCountry "CZE"]

1. e4 e5 2. Nf3 Nc6 3. d4 exd4 4. Nxd4 Nf6 5. Nxc6 bxc6 6. e5 Nd5 7. c4 Nb6 8. Bd3 Bb4+ 9. Bd2 Bxd2+ 10. Nxd2 d6 11. exd6 cxd6 12. 0-0 0-0 13. Qf3 d5 14. Rad1 Be6 15. b3 Qc8 16. h3 dxc4 17. Nxc4 Bd5 18. Be4 Nxc4 19. bxc4 Bxc4 20. Bxh7+ Kxh7 21. Qe4+ Kg8 22. Qxc4 Qc7 23. Rd4 Rfd8 24. Rh4 Qd6 25. Qc2 Qg6 26. Qxg6 fxg6 27. Rc1 Rac8 28. Rhc4 Rd6 29. g4 Kf7 30. R1c2 Ke7 31. Kg2 Kd7 32. Rc5 Rb8 33. Kg3 Rb5 34. Kf4 Rb7 35. Kg5 Rc7 36. f4 Ke7 37. h4 Kf7 38. f5 Rf6 39. h5 gxh5 40. Kxh5 Rh6+ 41. Kg5 Rd6 42. Kh4 Rh6+ 43. Kg3 Rd6 44. g5 Rd3+ 45. Kf4 Rd6 46. Ke5 Ke7 47. a4 Rc8 48. R2c4 Re8 49. Kf4 Rc8 50. Re5+ Kf7 51. g6+ Kf8 52. Kg5 Rd1 53. Rec5 Rd6 54. Re4 Rd1 55. Re6 Rg1+ 56. Kf4 Rf1+ 57. Kg3 Ra1 58. a5 Ra4 59. Kf3 Rb8 60. Re3 Rc8 61. Ke2 Ra2+ 62. Kf3 Ra4 63. Kg3 Rc7 64. Re6 Rb7 65. Rexc6 Rb3+ 66. Kh2 Ra2+ 67. Rc2 Rxa5 68. Rc8+ Ke7 69. R8c7+ Kf6 70. Rf7+ Kg5 71. Rxg7 Kxf5 72. Rf2+ Kg5 73. Rg2+ Kf6 74. Rf7+ Ke6 75. Rh7 1-0